Alaves 2024/25 - Estadísticas

Estadísticas generales
  • Esta prueba ha sido intentada 27 veces
  • La puntuación promedio es 15 de 23
Estadísticas de respuestas
Dorsal Posición Jugador % Correcto
1 POR Antonio Sivera
100%
5 DEF Abqar
94%
13 POR Jesus Owono
94%
17 DEL Kike Garcia
88%
14 DEF Nahuel Tenaglia
88%
6 MED Ander Guevara
82%
8 MED Antonio Blanco
82%
7 DEL Carlos Vicente
82%
18 MED Jon Guridi
82%
21 MED Carles Aleña
71%
3 DEF Manu Sanchez
71%
11 DEL Toni Martinez
71%
24 MED Joan Jordan
65%
4 DEF Sedlar
65%
22 DEF Moussa Diarra
53%
9 DEL Asier Villalibre
47%
15 DEL Carlos Martin
47%
23 MED Protesoni
47%
12 DEF Santiago Mouriño
47%
10 DEL Tomas Conechny
41%
36 (f) DEF Adrian Pica
35%
16 DEF Hugo Novoa
24%
19 DEL Pau Cabanes
18%
No se encontraron pruebas coincidentes
Distribución de puntuación
Porcentaje de gente con cada puntuación
Porcentaje por número respondido
Historial de tus puntuaciones
No has intentado esta prueba.